000 00353nam a2200133 a 4500
001 000040555
005 20201002034218.0
008 130902s2013 dr 000 0 spa d
040 _aDO-SdBNP
_bspa
_cBNPHU
082 _axxxx
_bxxxx
245 0 0 _aCódigo de ética. :
_bESTRELLA.
260 _aSanto Domingo :
_bEstrella,
_c2013.
300 _a38 p. ;
_c22 cm.
999 _c40045
_d40045